marguerite, les avions paroles - Statistiques

Statistiques générales
  • Ce quiz a été pris 9 fois
  • Le résultat moyen est 141 sur 258
Statistiques - réponses
Réponse % Correct
de
100%
des
100%
Des
100%
est
100%
Est-ce
100%
Ce
83%
me
83%
ne
83%
On
83%
Se
83%
se
83%
a
67%
à
67%
avions
67%
ciel
67%
dans
67%
Dans
67%
Et
67%
et
67%
fini
67%
jamais ?
67%
la
67%
La
67%
le
67%
les
67%
même
67%
plus
67%
Plus
67%
quand
67%
qui
67%
qu'il
67%
te
67%
tombent
67%
traversent
67%
turbulences ?
67%
y
67%
deux
50%
d'Paris
50%
faut
50%
gens,
50%
grêle
50%
Je
50%
je
50%
Loin
50%
loin
50%
partis
50%
pas
50%
puis
50%
qu'c'était
50%
qu'on
50%
restent
50%
savait
50%
tout
50%
un
50%
une
50%
amour
33%
dernière
33%
étreinte
33%
Faire
33%
fringues
33%
gentil
33%
jolie,
33%
jour
33%
mais
33%
moi
33%
qu'je
33%
rende
33%
s'est
33%
sous
33%
s'ra
33%
sur
33%
tes
33%
T'étais
33%
tous
33%
adieu
17%
bien
17%
blinde,
17%
Café
17%
C'est
17%
c'est
17%
Changer
17%
Chez
17%
clés
17%
collision
17%
crois
17%
croix
17%
dit
17%
écrit
17%
Est-c'qu'on
17%
était
17%
facile
17%
Faudra
17%
fausses
17%
futur
17%
gars
17%
J'ferme
17%
jolis ?
17%
Jusqu'au
17%
laisse
17%
lit
17%
l'oreiller,
17%
l'seul
17%
mal
17%
mentir
17%
mieux
17%
monde
17%
murs
17%
musique
17%
notes
17%
nuit,
17%
partition
17%
peintures
17%
photos,
17%
poli
17%
porte
17%
pot,
17%
Poussière
17%
rangé
17%
refaire
17%
refroidi,
17%
refroidi
17%
rires,
17%
s'affaiblir
17%
sauver
17%
s'croit
17%
solide
17%
tapis
17%
texte
17%
toujours
17%
traces
17%
vu
17%
Aucun quiz correspondant
Distribution des résultats
% des personnes avec chaque résultat
Percentile par nombre de réponses
Votre historique - résultats
Vous n’avez pas pris ce quiz